<?xml version="1.0" encoding="UTF-8"?>
<record
    xmlns:xsi="http://www.w3.org/2001/XMLSchema-instance"
    xsi:schemaLocation="http://www.loc.gov/MARC21/slim http://www.loc.gov/standards/marcxml/schema/MARC21slim.xsd"
    xmlns="http://www.loc.gov/MARC21/slim">

  <leader>01535nam0a22003011  4500</leader>
  <controlfield tag="001">rc\3410741</controlfield>
  <controlfield tag="005">20250609231857.0</controlfield>
  <datafield tag="021" ind1=" " ind2=" ">
    <subfield code="a">RU</subfield>
    <subfield code="b">71-83636</subfield>
  </datafield>
  <datafield tag="021" ind1=" " ind2=" ">
    <subfield code="a">RU</subfield>
    <subfield code="b">&#x420;&#x433;1751-72</subfield>
  </datafield>
  <datafield tag="035" ind1=" " ind2=" ">
    <subfield code="a">(NLR Aleph) 007551711</subfield>
  </datafield>
  <datafield tag="090" ind1=" " ind2=" ">
    <subfield code="a">5208495</subfield>
    <subfield code="c">5208495</subfield>
  </datafield>
  <datafield tag="100" ind1=" " ind2=" ">
    <subfield code="a">20130115d1971    |||y0rusy50      ca</subfield>
  </datafield>
  <datafield tag="101" ind1="0" ind2=" ">
    <subfield code="a">rus</subfield>
  </datafield>
  <datafield tag="102" ind1=" " ind2=" ">
    <subfield code="a">RU</subfield>
  </datafield>
  <datafield tag="105" ind1=" " ind2=" ">
    <subfield code="a">y   z   |||||</subfield>
  </datafield>
  <datafield tag="200" ind1="1" ind2=" ">
    <subfield code="a">&#x420;&#x43E;&#x43B;&#x44C; &#x43C;&#x438;&#x433;&#x440;&#x430;&#x446;&#x438;&#x438; &#x441;&#x435;&#x43B;&#x44C;&#x441;&#x43A;&#x43E;&#x433;&#x43E; &#x43D;&#x430;&#x441;&#x435;&#x43B;&#x435;&#x43D;&#x438;&#x44F; &#x423;&#x437;&#x431;&#x435;&#x43A;&#x438;&#x441;&#x442;&#x430;&#x43D;&#x430; &#x432; &#x444;&#x43E;&#x440;&#x43C;&#x438;&#x440;&#x43E;&#x432;&#x430;&#x43D;&#x438;&#x438; &#x442;&#x440;&#x443;&#x434;&#x43E;&#x432;&#x44B;&#x445; &#x446;&#x435;&#x43B;&#x438;&#x43D;&#x43D;&#x44B;&#x445; &#x440;&#x430;&#x439;&#x43E;&#x43D;&#x43E;&#x432; &#x440;&#x435;&#x441;&#x43F;&#x443;&#x431;&#x43B;&#x438;&#x43A;&#x438;</subfield>
    <subfield code="e">[&#x414;&#x43E;&#x43A;&#x43B;&#x430;&#x434;]</subfield>
    <subfield code="f">&#x420;&#x44F;&#x437;&#x430;&#x43D;&#x43E;&#x432; &#x410;.&#x412;., &#x41C;&#x430;&#x43A;&#x441;&#x430;&#x43A;&#x43E;&#x432;&#x430; &#x41B;.&#x41F;.</subfield>
    <subfield code="g">&#x41C;&#x412; &#x438; &#x421;&#x421;&#x41E; &#x423;&#x437;&#x421;&#x421;&#x420;. &#x422;&#x430;&#x448;&#x43A;. &#x43E;&#x440;&#x434;&#x435;&#x43D;&#x430; &#x422;&#x440;&#x443;&#x434;. &#x41A;&#x440;&#x430;&#x441;&#x43D;&#x43E;&#x433;&#x43E; &#x417;&#x43D;&#x430;&#x43C;&#x435;&#x43D;&#x438; &#x433;&#x43E;&#x441;. &#x443;&#x43D;-&#x442; &#x438;&#x43C;. &#x412;.&#x418;. &#x41B;&#x435;&#x43D;&#x438;&#x43D;&#x430;. &#x412;&#x441;&#x435;&#x441;&#x43E;&#x44E;&#x437;. &#x43C;&#x435;&#x436;&#x432;&#x443;&#x437;. &#x43D;&#x430;&#x443;&#x447;. &#x43A;&#x43E;&#x43D;&#x444;. &#x43F;&#x43E; &#x43F;&#x440;&#x43E;&#x431;&#x43B;&#x435;&#x43C;&#x430;&#x43C; &#x43D;&#x430;&#x440;&#x43E;&#x434;&#x43E;&#x43D;&#x430;&#x441;&#x435;&#x43B;&#x435;&#x43D;&#x438;&#x44F; &#x421;&#x440;&#x435;&#x434;. &#x410;&#x437;&#x438;&#x438;. &#x422;&#x430;&#x448;&#x43A;&#x435;&#x43D;&#x442;, &#x43C;&#x430;&#x439;, 1971</subfield>
  </datafield>
  <datafield tag="210" ind1=" " ind2=" ">
    <subfield code="a">&#x422;&#x430;&#x448;&#x43A;&#x435;&#x43D;&#x442;</subfield>
    <subfield code="c">&#x411;. &#x438;.</subfield>
    <subfield code="d">[1971]</subfield>
  </datafield>
  <datafield tag="215" ind1=" " ind2=" ">
    <subfield code="a">5 &#x441;.</subfield>
    <subfield code="d">35</subfield>
  </datafield>
  <datafield tag="300" ind1=" " ind2=" ">
    <subfield code="a">&#x41D;&#x430; 1-&#x439; &#x441;. &#x430;&#x432;&#x442;.: &#x410;.&#x412;. &#x420;&#x44F;&#x437;&#x430;&#x43D;&#x43E;&#x432;, &#x434;&#x43E;&#x446;., &#x41B;.&#x41F;. &#x41C;&#x430;&#x43A;&#x441;&#x430;&#x43A;&#x43E;&#x432;&#x430;</subfield>
  </datafield>
  <datafield tag="700" ind1=" " ind2="1">
    <subfield code="a">&#x420;&#x44F;&#x437;&#x430;&#x43D;&#x43E;&#x432;</subfield>
    <subfield code="b">&#x410;.&#x412;.</subfield>
  </datafield>
  <datafield tag="701" ind1=" " ind2="1">
    <subfield code="a">&#x41C;&#x430;&#x43A;&#x441;&#x430;&#x43A;&#x43E;&#x432;&#x430;</subfield>
    <subfield code="b">&#x41B;.&#x41F;.</subfield>
  </datafield>
  <datafield tag="712" ind1="1" ind2="2">
    <subfield code="a">&#x412;&#x441;&#x435;&#x441;&#x43E;&#x44E;&#x437;&#x43D;&#x430;&#x44F; &#x43C;&#x435;&#x436;&#x432;&#x443;&#x437;&#x43E;&#x432;&#x441;&#x43A;&#x430;&#x44F; &#x43D;&#x430;&#x443;&#x447;&#x43D;&#x430;&#x44F; &#x43A;&#x43E;&#x43D;&#x444;&#x435;&#x440;&#x435;&#x43D;&#x446;&#x438;&#x44F; &#x43F;&#x43E; &#x43F;&#x440;&#x43E;&#x431;&#x43B;&#x435;&#x43C;&#x430;&#x43C; &#x43D;&#x430;&#x440;&#x43E;&#x434;&#x43E;&#x43D;&#x430;&#x441;&#x435;&#x43B;&#x435;&#x43D;&#x438;&#x44F; &#x421;&#x440;&#x435;&#x434;&#x43D;&#x435;&#x439; &#x410;&#x437;&#x438;&#x438;</subfield>
    <subfield code="e">&#x422;&#x430;&#x448;&#x43A;&#x435;&#x43D;&#x442;</subfield>
    <subfield code="f">1971</subfield>
    <subfield code="9">494563</subfield>
    <subfield code="3">RU\NLR\AUTH\880414724</subfield>
  </datafield>
  <datafield tag="801" ind1=" " ind2="0">
    <subfield code="a">RU</subfield>
    <subfield code="b">NLR</subfield>
    <subfield code="g">psbo</subfield>
  </datafield>
  <datafield tag="801" ind1=" " ind2="1">
    <subfield code="a">RU</subfield>
    <subfield code="b">ELAR</subfield>
    <subfield code="2">rusmarc</subfield>
  </datafield>
  <datafield tag="852" ind1=" " ind2=" ">
    <subfield code="a">NLR</subfield>
    <subfield code="j">71-8/1315</subfield>
  </datafield>
  <datafield tag="942" ind1=" " ind2=" ">
    <subfield code="c">BOOK</subfield>
  </datafield>
  <datafield tag="980" ind1=" " ind2=" ">
    <subfield code="a">NB</subfield>
  </datafield>
  <datafield tag="995" ind1=" " ind2=" ">
    <subfield code="5">2013-10-26</subfield>
    <subfield code="b">NLR01</subfield>
    <subfield code="c">NLR01</subfield>
    <subfield code="e">RF31</subfield>
    <subfield code="f">7551711-10</subfield>
    <subfield code="k">71-8/1315</subfield>
    <subfield code="o">0</subfield>
    <subfield code="r">BOOK</subfield>
    <subfield code="s">7181315_</subfield>
  </datafield>
</record>
